[Event "Mittelfranken-chTB2b 0910"]
[Site "Mittelfranken"]
[Date "2010.01.10"]
[Round "5.8"]
[White "Ross, Sandra"]
[Black "Kuth, Hans"]
[Result "1-0"]
[WhiteElo "1736"]
[BlackElo "1646"]
[PlyCount "51"]
[EventDate "2009.10.11"]
[EventType "team-tourn"]
[EventRounds "9"]
[EventCountry "GER"]
[SourceTitle "EXT 2011"]
[Source "ChessBase"]
[SourceDate "2010.11.26"]
[SourceVersion "1"]
[SourceVersionDate "2010.11.26"]
[SourceQuality "1"]
[WhiteTeam "Buechenbach/Roth II"]
[BlackTeam "Schwabach"]
[WhiteTeamCountry "GER"]
[BlackTeamCountry "GER"]

1. e4 c5 2. Nc3 Nc6 3. g3 b6 4. Bg2 g6 5. d3 Bg7 6. f4 Bb7 7. Nf3 d6 8. 0-0 e6 9. Be3 Nge7 10. Qe2 0-0 11. Nd1 Qd7 12. c3 a5 13. Nf2 Ba6 14. Rad1 Rab8 15. Bc1 Rfe8 16. e5 dxe5 17. fxe5 Bb7 18. Ng4 Qd8 19. Bg5 Rf8 20. Nf6+ Kh8 21. Qd2 Qc7 22. Rde1 Rbd8 23. Bh6 Ba6 24. Qf4 Rxd3 25. Qh4 Nf5 26. Bxg7+ 1-0

[Event "Mittelfrankenliga-B2b 0506"]
[Site "Germany"]
[Date "2006.01.15"]
[Round "4.8"]
[White "Kuth, Hans"]
[Black "Grimm, Pascal"]
[Result "0-1"]
[WhiteElo "1658"]
[BlackElo "1765"]
[PlyCount "60"]
[EventDate "2005.10.16"]
[EventType "team"]
[EventRounds "9"]
[EventCountry "GER"]
[SourceTitle "EXT 2007"]
[Source "ChessBase"]
[SourceDate "2006.11.23"]
[SourceVersion "1"]
[SourceVersionDate "2006.11.23"]
[SourceQuality "1"]

1. e4 c5 2. Nf3 Nc6 3. b3 Nf6 4. Bb2 Nxe4 5. Nc3 Nf6 6. Bd3 e6 7. 0-0 Be7 8. Ne4 d5 9. Ng3 Qc7 10. a3 Bd7 11. Qe2 Bd6 12. Nf5 Bf8 13. Be5 Nxe5 14. Nxe5 g6 15. Nxd7 Nxd7 16. Ne3 0-0-0 17. c3 Bd6 18. g3 h5 19. Ng2 h4 20. Nxh4 g5 21. Nf3 g4 22. Ng5 Ne5 23. f4 gxf3 24. Nxf3 Nxd3 25. Rf2 Nxf2 26. Qxf2 Rdg8 27. Kg2 e5 28. d4 f6 29. b4 e4 30. Nd2 Rxh2+ 0-1

[Event "Mittelfranken-chT 0405"]
[Site "Germany"]
[Date "2004.12.19"]
[Round "4.8"]
[White "Hautmann, Peter"]
[Black "Kuth, Hans"]
[Result "0-1"]
[WhiteElo "1709"]
[BlackElo "1677"]
[PlyCount "100"]
[EventDate "2004.10.17"]
[EventType "team"]
[EventRounds "9"]
[EventCountry "GER"]
[SourceTitle "EXT 2007"]
[Source "ChessBase"]
[SourceDate "2006.11.23"]
[SourceVersion "1"]
[SourceVersionDate "2006.11.23"]
[SourceQuality "1"]

1. e4 e5 2. Nf3 Nc6 3. Bb5 Nd4 4. Nxd4 exd4 5. 0-0 g6 6. f4 Bd6 7. Qf3 Bc5 8. d3 Qf6 9. Nd2 Ne7 10. e5 Qh4 11. Ne4 Bb6 12. Nf6+ Kd8 13. Bc4 Rf8 14. Ne4 Nf5 15. Bd2 Qe7 16. Nf6 Rh8 17. Nd5 Qf8 18. Be1 c6 19. Nxb6 axb6 20. Bf2 c5 21. Qd5 f6 22. Rae1 Kc7 23. g4 Ng7 24. exf6 Qxf6 25. Bg3 d6 26. Re4 Bxg4 27. Rfe1 Rae8 28. Rxe8 Rxe8 29. Rxe8 Nxe8 30. Qf7+ Qxf7 31. Bxf7 Nf6 32. Bh4 Nd7 33. Kf2 b5 34. Kg3 Bd1 35. Bb3 Nb6 36. c3 Bxb3 37. axb3 dxc3 38. bxc3 Nd5 39. c4 Nb4 40. cxb5 Nxd3 41. Be7 Kd7 42. Bf8 Nc1 43. Kf3 Nxb3 44. Ke4 Ke6 45. Bg7 d5+ 46. Kd3 c4+ 47. Kc3 Kf5 48. Be5 Kg4 49. Kb4 Kf5 50. Kc3 g5 0-1